000 00308nam a2200133Ia 4500
003 OSt
008 200926b ||||| |||| 00| 0 eng d
100 _aPRAYAG, R.S
245 _aBleaching, Mercerising and Dyeing of Cotton Materials
250 _a4th
260 _bMahajan
300 _a216
942 _2ddc
_cBK
999 _c3747
_d3747